[Event "BRA-ch sf3"]
[Site "Brasilia"]
[Date "2012.07.28"]
[Round "6"]
[White "Saenko, Gennady"]
[Black "Shumyatsky, Victor"]
[Result "0-1"]
[WhiteElo "1819"]
[BlackElo "2417"]
[PlyCount "98"]
[EventDate "2012.07.21"]
[EventType "swiss"]
[EventRounds "6"]
[EventCountry "BRA"]
[SourceTitle "EXT 2014"]
[Source "ChessBase"]
[SourceDate "2013.11.20"]
[SourceVersion "1"]
[SourceVersionDate "2013.11.20"]
[SourceQuality "1"]

1. c4 c5 2. Nc3 Nf6 3. Nf3 b6 4. g3 Bb7 5. Bg2 e6 6. d3 d5 7. cxd5 Nxd5 8. 0-0 Be7 9. a3 0-0 10. Qc2 Nc6 11. Ne4 Rc8 12. Bg5 f6 13. Be3 e5 14. Bh3 f5 15. Nc3 Nd4 16. Qd1 Nxf3+ 17. exf3 g6 18. Qe2 Bf6 19. Rac1 Re8 20. Rfd1 Nf4 21. Bxf4 exf4 22. Qc2 Bxf3 23. Re1 Bd4 24. Nb5 Qd7 25. Nxd4 Qxd4 26. Qc4+ Qxc4 27. dxc4 Rxe1+ 28. Rxe1 Rd8 29. b4 fxg3 30. hxg3 Kf7 31. bxc5 bxc5 32. Bf1 g5 33. Bg2 Rd1 34. Rxd1 Bxd1 35. Bd5+ Ke7 36. f4 h6 37. Kf2 Kd6 38. Ke1 Bc2 39. Kd2 Bb1 40. Ke3 Kc7 41. Kd2 Kb6 42. Kc3 Ka5 43. Bc6 gxf4 44. gxf4 h5 45. Kd2 h4 46. Ke3 h3 47. Kf2 Be4 48. Bxe4 fxe4 49. f5 e3+ 0-1

[Event "BRA-ch sf3"]
[Site "Brasilia"]
[Date "2012.07.21"]
[Round "2"]
[White "Felix, Raimundo Nascimento"]
[Black "Shumyatsky, Victor"]
[Result "0-1"]
[WhiteElo "2008"]
[BlackElo "2417"]
[PlyCount "104"]
[EventDate "2012.07.21"]
[EventType "swiss"]
[EventRounds "6"]
[EventCountry "BRA"]
[SourceTitle "EXT 2014"]
[Source "ChessBase"]
[SourceDate "2013.11.20"]
[SourceVersion "1"]
[SourceVersionDate "2013.11.20"]
[SourceQuality "1"]

1. e4 c5 2. c3 Nf6 3. e5 Nd5 4. d4 Nc6 5. Nf3 cxd4 6. cxd4 d6 7. exd6 e6 8. Nc3 Bxd6 9. Nxd5 exd5 10. Be2 0-0 11. 0-0 Bf5 12. Be3 Re8 13. a3 Rc8 14. Rc1 Bb8 15. b4 Qd6 16. Qd2 Bg4 17. g3 Qf6 18. Kg2 Qf5 19. Ng1 Qe4+ 20. Bf3 Bxf3+ 21. Nxf3 Ne7 22. Rxc8 Rxc8 23. Rc1 Rc4 24. Bg5 Rxc1 25. Qxc1 f6 26. Bf4 Bxf4 27. Qxf4 Qxf4 28. gxf4 Kf7 29. Nd2 Kg6 30. Kf3 Kh5 31. Nf1 Kh4 32. Ng3 Kh3 33. f5 g6 34. fxg6 hxg6 35. Ne2 g5 36. b5 f5 37. a4 b6 38. Ng3 f4 39. Ne2 Nf5 40. Nxf4+ gxf4 41. Kxf4 Nxd4 42. Ke5 Ne2 43. Kxd5 Kxh2 44. Ke5 Kh3 45. f4 Kg4 46. f5 Kg5 47. f6 Kg6 48. Ke6 Nf4+ 49. Ke7 Nd5+ 50. Kd6 Nxf6 51. Kc6 Ne4 52. Kb7 Nc5+ 0-1